Vývoj bankového sektora na Slovensku z pohľadu obozretného podnikania a jeho porovnanie s vybranou krajinou diplomová práca

Uložené v:
Podrobná bibliografia
Hlavný autor: Pavkovčeková, Katarína
Korporativný autor: Národohospodárska fakulta EU. Katedra bankovníctva a medzinárodných financií
Ďalší autori: Vovk, Martin, 1976-
Médium: Kniha
Jazyk:Slovak
Vydavateľské údaje: Bratislava 2013
Tagy: Pridať tag
Žiadne tagy, Buďte prvý, kto otaguje tento záznam!

MARC

LEADER 00000nbm a2200000 4500
001 0169245
005 20161109102250.4
041 0 |a slo 
044 |a SK 
245 1 0 |a Vývoj bankového sektora na Slovensku z pohľadu obozretného podnikania a jeho porovnanie s vybranou krajinou  |b diplomová práca  |c Katarína Pavkovčeková ; školiteľ: Martin Vovk 
264 1 |a Bratislava  |c 2013 
300 |a 60 s. 
100 1 |a Pavkovčeková, Katarína 
700 1 |a Vovk, Martin, 1976- 
710 2 |a Národohospodárska fakulta EU. Katedra bankovníctva a medzinárodných financií